• 首页
  • 本馆介绍
  • 公告通知
  • 最新文献
  • 馆藏检索
  • 电子资源
  • 读者导购
  • 参考咨询
  • 我的图书馆
  • 登录
  • 详细信息显示
  • 放入我的书架
  • 预约/预借图书
  • 作者相关作品
  • 分类相关作品
  • 丛书相关作品
  • 出版社相关作品

书目信息

  • 表格格式
  • 工作单格式
  • 卡片格式
题名:
中华养生日历
    
 
作者: 樊风风
分册:  
出版信息: 西安   陕西科学技术出版社  2015.02
页数: 427页
开本: 26cm
丛书名:
单 册:
中图分类: P195.2
科图分类:
主题词: 时间 , 历法
电子资源:
ISBN: 978-7-5369-6643-7
000 00597nam0 2200217 450
001 3707
005 20160926151439.35
010    @a978-7-5369-6643-7@b平装@dCNY32.80
100    @a20151001d2015 km y0chiy0120 ea
101 0  @achi
102    @aCN@b610000
200 1  @a中华养生日历@Azhong hua yang sheng ri li@f樊风风@Ffan feng feng
210    @a西安@c陕西科学技术出版社@d2015.02
215    @a427页@d26cm
330    @a历书·中国
606 0  @a时间
606 0  @a历法
690    @aP195.2@v4
701  0 @a樊风风@Afan feng feng
801  0 @aCN@b唐山师范学院图书馆@c20151001
905    @aZUCC@dP195.2@e176
    
    中华养生日历/樊风风.-西安:陕西科学技术出版社,2015.02
    427页;26cm
    
    
    ISBN 978-7-5369-6643-7(平装):CNY32.80
    历书·中国
●
相关链接 在E读中查询图书 在五车中查询图书 在当当中查询图书 在豆瓣中查询图书


正题名:中华养生日历     索取号:P195.2/176         预约/预借

序号 登录号 条形码 馆藏地/架位号 状态 备注
1 906145   209061450   第二样本阅览室/ [索取号:P195.2/176] 在馆    
2 906146   209061469   第三借阅区/ [索取号:P195.2/176] 在馆    
3 906147   209061478   第三借阅区/ [索取号:P195.2/176] 在馆    
4 906148   209061487   第三借阅区/ [索取号:P195.2/176] 在馆    
5 906149   209061496   第三借阅区/ [索取号:P195.2/176] 在馆    
唐山师范学院图书馆 欢迎您!
大连网信软件有限公司© 版权所有